Teología del matrimonio cristiano /

Contiene: 1) Los valores humanos del matrimonio; 2) La dignidad sacramental del matrimonio; 3) Unidad e indisolubilidad del matrimonio; 4) El matrimonio cristiano en la sociedad moderna.

Tallennettuna:
Bibliografiset tiedot
Päätekijä: Kasper, Walter (autor)
Aineistotyyppi: Kirja
Kieli:espanja
Julkaistu: Santander, España : Sal Terrae, 1984, c1984
Painos:2a edición
Sarja:(Alcance ; 14)
Aiheet:
Tagit: Lisää tagi
Ei tageja, Lisää ensimmäinen tagi!

MARC

LEADER 00000nam^a2200000^a^4500
001 000411970
005 20250521000000.0
009 20260310122127.379
020 |a 84-293-0571-8 
037 |a Acervo Xavier Clavigero 
041 |a ESP 
082 |a 234. 165  |b KAS 
100 |a Kasper, Walter  |e (autor) 
245 1 0 |a Teología del matrimonio cristiano /  |c W. Kasper ; tr. por Juan C. Rodríguez Herranz. 
250 |a 2a edición 
264 4 |a Santander, España :  |b Sal Terrae,  |c 1984, c1984 
300 |a 117 p. 
336 |a texto  |b txt  |2 rdacontenido 
337 |a sin mediación  |b n  |2 rdamedio 
338 |a volumen  |b nc  |2 rdasoporte 
440 1 |a (Alcance ;  |v 14) 
500 |a Traducción de: Zur theologie der christlichen Ehe 
520 |a Contiene: 1) Los valores humanos del matrimonio; 2) La dignidad sacramental del matrimonio; 3) Unidad e indisolubilidad del matrimonio; 4) El matrimonio cristiano en la sociedad moderna. 
649 |a XX 
650 |a Matrimonio -  |x Tema Principal 
650 |a Sacramentos 
650 |a Etica Cristiana 
650 |a Teología Doctrinal 
650 |a Catolicismo 
650 |a Cristianismo 
650 |a Religión 
910 |a Fondo Jesús Vergara Aceves S.J. 
920 |a Impresos - Libros 
930 |a Fondos Especiales 
905 |a 119 
901 |a 0500134465  |b IT2  |c ESP  |u 20250521 
902 |a https://opac.biblio.iteso.mx/vufind/Record/000411970